Szczegóły MARC21

Angstblüte /

001 -Numer kontrolny rekordu [,]
    • @
    • pole kontrolne
    • xx005479401
003 -Nazwa instytucji [,]
    • @
    • pole kontrolne
    • NUKAT
005 -Data i czas ostatniej zmiany [,]
    • @
    • Data ostatniej zmiany
    • 20241231111446.0
007 -Forma fizyczna dokumentu dźwiękowego [,]
    • @
    • Forma fizyczna dokumentu dźwiękowego
    • sd fsngnn|||ed
008 -Pole stałej długości [,]
    • @
    • pole
    • 230103s2006 sz nnnng f n ger c
020 -Międzynarodowy znormalizowany numer książki - ISBN [ , ]
    • a
    • Numer ISBN
    • 9783455300925 Find
020 -Międzynarodowy znormalizowany numer książki - ISBN [ , ]
    • a
    • Numer ISBN
    • 3455300928 Find
035 -Inne numery kontrolne [ , ]
    • a
    • Numer kontrolny
    • (OCoLC)1369086830
040 -Instytucja sporządzająca opis [ , ]
    • c
    • Instytucja, która sporządziła rekord (NP)
    • SZCZ U/MCs
920 -ISBN [ , ]
    • a
    • ISBN
    • 978-3-455-30092-5 Find
920 -ISBN [ , ]
    • a
    • ISBN
    • 3-455-30092-8 Find
942 -Rodzaj dokumentu [ , ]
    • c
    • Rodzaj dokumentu
    • Dokument Dźwiękowy - płyta
100 -Hasło główne - nazwa osobowa [1, ]
    • a
    • Nazwa osobowa (NP)
    • Walser, Martin
    • d
    • Daty biograficzne (NP)
    • (1927-2023).
    • e
    • RRodzaj współpracy
    • Autor
    • e
    • RRodzaj współpracy
    • Wykonanie
240 -Tytuł ujednolicony [1,0]
    • a
    • Tytuł ujednolicony (NP)
    • Angstblüte
    • l
    • Język tekstu (NP)
    • (niem.)
245 -Strefa tytułu i oznaczenia odpowiedzialności [1,0]
    • a
    • Tytuł
    • Angstblüte /
    • c
    • Pozostałe elementy strefy tytułu i oznaczenia odpowiedzialności (NP)
    • Martin Walser.
260 -Strefa adresu wydawniczego [ , ]
    • a
    • Miejsce wydania (P)
    • Hamburg :
    • b
    • Nazwa wydawcy (P)
    • Hoffmann und Campe Verlag,
    • c
    • Data wydania (P)
    • © 2006.
300 -Strefa opisu fizycznego [ , ]
    • a
    • Określenie formy książki i/lub objętość (NP)
    • 6 płyt CD (468 min.) :
    • b
    • Inne szczegóły opisu fizycznego (NP)
    • digital, stereo ;
    • c
    • Format (NP)
    • 12 cm +
    • e
    • Oznaczenie dokumentu towarzyszącego (NP)
    • broszura : [8] stron ; 12x12 cm.
306 -Czas nagrania [ , ]
    • a
    • Czas nagrania
    • 084800
336 -Typ zawartości [ , ]
    • a
    • Termin określający typ nośnika
    • Słowo mówione
    • b
    • Kod określający zawartość
    • spw
    • 2
    • Źródło (termin i kod)
    • rdacontent
337 -Typ mediów [ , ]
    • a
    • Tryb odtwarzania
    • Audio
    • b
    • Kod typu nośnika
    • s
    • 2
    • Źródło (termin i kod)
    • rdamedia
338 -Typ/rodzaj nośnika [ , ]
    • a
    • Hasło opisujące typ nośnika
    • Płyta audio
    • b
    • Kod typu nośnika
    • sd
    • 2
    • Źródło (termin i kod)
    • rdacarrier
500 -Uwaga ogólna [ , ]
    • a
    • Uwaga ogólna (NP)
    • Zestaw 6 płyt CD i broszura w tekturowym pudełku.
508 -Uwaga dot. twórców i producentów [ , ]
    • a
    • Uwaga dot. twórców/producentów
    • Tonträgerproduktion: Hoffmann und Campe Verlag gmbH 2006.
511 -Uwaga dot. uczestników lub wykonawców [0, ]
    • a
    • Uwaga dot. uczestników lub wykonawców
    • Regie: Gabriela Jaskulla.
655 -Hasło przedmiotowe - forma [ ,7]
    • a
    • Określenie rzeczowe
    • Powieść niemiecka
    • y
    • Określnik chronologiczny
    • 1990-.
655 -Hasło przedmiotowe - forma [ ,7]
    • a
    • Określenie rzeczowe
    • Książki mówione
    • z
    • Określnik geograficzny
    • Niemcy
    • y
    • Określnik chronologiczny
    • 1990-.
700 -Hasło dodatkowe - nazwa osobowa [1, ]
    • a
    • Nazwa osobowa (NP)
    • Jaskulla, Gabriela
    • d
    • Daty biograficzne (NP)
    • (1962- ).
    • e
    • Określenie rodzaju współpracy (NP)
    • Reżyseria nagrania
710 -Hasło dodatkowe - nazwa ciała zbiorowego [2, ]
    • a
    • Nazwa ciała zbiorowego lub nazwa geograficzna jako pierwszy element (NP)
    • Hoffmann und Campe Verlag.
    • e
    • Rodzaj współpracy
    • Produkcja
    • e
    • Rodzaj współpracy
    • Wydawca
    • 9
    • KHW
    • 69541
710 -Hasło dodatkowe - nazwa ciała zbiorowego [2, ]
    • a
    • Nazwa ciała zbiorowego lub nazwa geograficzna jako pierwszy element (NP)
    • Norddeutscher Rundfunk.
    • b
    • Nazwa jednostki podrzędnej
    • NDR Kultur.
    • e
    • Rodzaj współpracy
    • Produkcja
    • 9
    • KHW
    • 650273
Cena Numer inwentarzowy Sposób nabycia Kierowanie Data inwentaryzacji Kod kreskowy Data wprowadzenia opisu Sygnatura Akcesja Status udostępniania
10.00Ad.3008dBM2023-02-1420050200300802022-02-02Germ. Audiobooki 7422d092/1-3